<?xml version="1.0" encoding="UTF-8"?>
<record
    xmlns:xsi="http://www.w3.org/2001/XMLSchema-instance"
    xsi:schemaLocation="http://www.loc.gov/MARC21/slim http://www.loc.gov/standards/marcxml/schema/MARC21slim.xsd"
    xmlns="http://www.loc.gov/MARC21/slim">

  <leader>01415nam a2200289 a 4500</leader>
  <controlfield tag="001">BRCA_8818</controlfield>
  <controlfield tag="005">20190320210425.0</controlfield>
  <controlfield tag="008">260417s1730----sp-#######---#000-0#spa-#</controlfield>
  <datafield tag="041" ind1=" " ind2=" ">
    <subfield code="a">spa</subfield>
  </datafield>
  <datafield tag="044" ind1=" " ind2=" ">
    <subfield code="a">sp</subfield>
  </datafield>
  <datafield tag="084" ind1=" " ind2=" ">
    <subfield code="a">BE199</subfield>
    <subfield code="b">.A48 1730</subfield>
  </datafield>
  <datafield tag="100" ind1="1" ind2=" ">
    <subfield code="a">Alvarez de la Fuente, Joseph (O.F.M.)</subfield>
    <subfield code="9">21971</subfield>
  </datafield>
  <datafield tag="245" ind1="1" ind2="0">
    <subfield code="a">Succession pontificia</subfield>
    <subfield code="b">epitome historial de las vidas, hechos y resoluciones de los summos pont&#xED;fices desde San Pedro, primero vicario de Christo, hasta N. Ssmo. Padre Benedicto XIII</subfield>
    <subfield code="c">escrita por el Rmo. P.Fr. Joseph Alvarez de la Fuente; Dedicado al excmo se&#xF1;or Don Juan de Camargo; parte sexta.</subfield>
  </datafield>
  <datafield tag="260" ind1=" " ind2=" ">
    <subfield code="a">Madrid</subfield>
    <subfield code="b">En la Imprenta de Lorenzo Francisco Mojados</subfield>
    <subfield code="c">1730</subfield>
  </datafield>
  <datafield tag="300" ind1=" " ind2=" ">
    <subfield code="a">[16], 507 p. (t.6)</subfield>
    <subfield code="c">14.8 x 10.5 cm.</subfield>
  </datafield>
  <datafield tag="500" ind1=" " ind2=" ">
    <subfield code="a">Con privilegio</subfield>
  </datafield>
  <datafield tag="500" ind1=" " ind2=" ">
    <subfield code="a">Estado f&#xED;sico: presenta ecnuadernaci&#xF3;n en pergamino con lomo semi desprendido, carece de cintas y presencia del pez de plata</subfield>
  </datafield>
  <datafield tag="500" ind1=" " ind2=" ">
    <subfield code="a">En portada: Hallar&#xE1;se en casa de Dionysio Ortega, Mercader de Libros en la Calle de Toledo, y &#xE0; su costa</subfield>
  </datafield>
  <datafield tag="650" ind1="1" ind2="4">
    <subfield code="a">Iglesia cat&#xF3;lica</subfield>
    <subfield code="x">Historia</subfield>
    <subfield code="y">Obras anteriores a 1800</subfield>
    <subfield code="9">21972</subfield>
  </datafield>
  <datafield tag="650" ind1="1" ind2="4">
    <subfield code="a">Papas</subfield>
    <subfield code="v">Bibliograf&#xED;as</subfield>
    <subfield code="y">Obras anteriores a 1800</subfield>
    <subfield code="9">21973</subfield>
  </datafield>
  <datafield tag="650" ind1="1" ind2="4">
    <subfield code="a">Papas</subfield>
    <subfield code="y">Obras anteriores a 1800</subfield>
    <subfield code="9">21974</subfield>
  </datafield>
  <datafield tag="700" ind1="1" ind2=" ">
    <subfield code="a">Mojados, Lorenzo Francisco</subfield>
    <subfield code="e">Impresor</subfield>
    <subfield code="9">21975</subfield>
  </datafield>
  <datafield tag="700" ind1="1" ind2=" ">
    <subfield code="a">Benedicto XIII</subfield>
    <subfield code="c">Papa</subfield>
    <subfield code="9">21976</subfield>
  </datafield>
  <datafield tag="700" ind1="1" ind2=" ">
    <subfield code="a">Camargo, Juan de</subfield>
    <subfield code="9">21977</subfield>
  </datafield>
  <datafield tag="902" ind1=" " ind2=" ">
    <subfield code="a">CFM</subfield>
  </datafield>
  <datafield tag="942" ind1=" " ind2=" ">
    <subfield code="2">lcc</subfield>
    <subfield code="c">B</subfield>
  </datafield>
  <datafield tag="999" ind1=" " ind2=" ">
    <subfield code="c">8469</subfield>
    <subfield code="d">8469</subfield>
  </datafield>
  <datafield tag="952" ind1=" " ind2=" ">
    <subfield code="0">0</subfield>
    <subfield code="1">0</subfield>
    <subfield code="4">0</subfield>
    <subfield code="7">0</subfield>
    <subfield code="a">BRCA</subfield>
    <subfield code="b">BRCA</subfield>
    <subfield code="d">2017-04-26</subfield>
    <subfield code="l">0</subfield>
    <subfield code="o">BE199 .A48 1730</subfield>
    <subfield code="p">CFM00145</subfield>
    <subfield code="r">2019-03-22 00:00:00</subfield>
    <subfield code="w">2019-03-22</subfield>
    <subfield code="y">B</subfield>
  </datafield>
</record>
